000 00584nam a2200205Ia 4500
003 GCL
008 140319s9999 xx 000 0 ara d
020 _a5579213977
040 _aGCL /
_cGCL
082 0 4 _a272.13
_bر ا
100 1 _aراسموسن، كارل
245 1 0 _aاطلس الكتاب المقدس /
_cراسموسن، كارل
250 _aاولى
260 _aالقاهرة :
_bدار الثقافة
300 _a ؛
_c35 سم
650 0 4 _aالانجيل
650 0 4 _aالجغرافيا التاريخية
650 0 4 _aالمسيحية
942 _2ddc
_cBK
999 _c5079
_d5079